Statistics for US States With the Most Immigrants

Click here to take the quiz!

General Stats

  • This quiz has been taken 255 times
  • The average score is 13 of 15

Answer Stats

Number of Immigrants (Millions)State% Correct
10.3California
99%
4.4New York
98%
4.3Texas
98%
3.7Florida
97%
0.9Arizona
91%
0.9Washington
89%
0.9Georgia
88%
1.8Illinois
85%
0.7North Carolina
83%
1.9New Jersey
82%
0.6Michigan
81%
0.8Pennsylvania
80%
0.9Virginia
77%
0.8Maryland
74%
1.0Massachusetts
74%

Score Distribution

Percentile by Number Answered

Percent of People with Each Score

Your Score History

You have not taken this quiz